000 01404cam a22003857a 4500
003 CHAP
005 20220817043238.0
008 971013s1989 r 00010 d
010 _a69411
011 _a70383
035 _a79864
040 _cCHAP
090 _aTesis
100 0 0 _aOrtiz Luna, Obed.
_984000
245 0 _aCultivo de maíz (Zea mays L.) durante el proceso de recuperación de un suelo salino - sódico de Chiconautla, Edo. de México, tratado con azufre y materia orgánica a nivel de invernadero
260 _aChapingo, Méx. :
_bEl autor,
_c1989
300 _a88 h.
_b; gráfs.
502 _aTesis (Ing. Agrónomo Esp. en Suelos) -- UACH. Departamento de Suelos
590 _aALEPH
_b10
_c20130110
_lUCH01
_h1408
590 _aBATCH-UPD
_b10
_c20130110
_lUCH01
_h1432
590 _aBATCH-UPD
_b10
_c20130410
_lUCH01
_h0908
590 _aBATCH-UPD
_b10
_c20130914
_lUCH01
_h1713
590 _aCONVERSION
_b10
_c20130109
_lUCH01
_h1338
650 1 4 _aLago de Texcoco.
_964410
650 1 4 _aMaíz
_zMéxico (Edo.).
_971099
650 1 4 _aSuelos salinos.
_9110558
650 1 4 _aSuelos sódicos.
_9110560
650 1 4 _aSuelos
_xEfecto del azufre.
_9110346
650 1 4 _aSuelos
_xMateria orgánica.
_9110429
650 1 4 _aTierras
_xRecuperación de.
_9113120
710 0 _aUACH. Departamento de Suelos.
901 _aBK
942 _cTESIS
949 _bBC
_cTES
_d-32754
_eTS1
_h21477
_i79864
_si
999 _c69411
_d69411